[Event "17MCR_F"]
[Site "?"]
[Date "2005.??.??"]
[Round "?"]
[White "Pytlik, Lesek"]
[Black "Sykora, Josef"]
[Result "1/2-1/2"]
[WhiteElo "2367"]
[BlackElo "2394"]
[PlyCount "68"]
[EventDate "2005.??.??"]
[EventType "corr"]
[SourceDate "2005.03.19"]

1. e4 c6 2. Nf3 d5 3. Nc3 Bg4 4. h3 Bxf3 5. Qxf3 e6 6. Be2 Nf6 7. d3 Bd6 8. d4
dxe4 9. Nxe4 Nxe4 10. Qxe4 Nd7 11. c3 Nf6 12. Qf3 Qa5 13. Bf4 Bxf4 14. Qxf4 O-O
15. O-O Qb6 16. Rab1 Rfd8 17. Rfe1 a5 18. Bf3 Rac8 19. Qe5 a4 20. Qe2 Ra8 21.
Qc2 Qc7 22. Re5 h6 23. Rbe1 Qd6 24. Qe2 Nd7 25. Re3 Nf6 26. Qc4 Nd5 27. Bxd5
cxd5 28. Qd3 a3 29. b3 Rac8 30. Qd2 b5 31. Rg3 Rc7 32. Ree3 Rdc8 33. Ref3 Kh8
34. b4 Qf8 1/2-1/2

[Event "17MCR_F"]
[Site "?"]
[Date "2005.??.??"]
[Round "?"]
[White "Sykora, Josef"]
[Black "Vozda, Jindrich"]
[Result "1/2-1/2"]
[WhiteElo "2394"]
[BlackElo "2494"]
[PlyCount "64"]
[EventDate "2005.??.??"]
[EventType "corr"]
[SourceDate "2005.03.19"]

1. d4 e6 2. c4 Nf6 3. Nf3 d5 4. Nc3 c6 5. e3 Nbd7 6. Qc2 Bd6 7. Bd3 O-O 8. O-O
dxc4 9. Bxc4 e5 10. h3 exd4 11. exd4 Nb6 12. Bb3 Nfd5 13. Re1 h6 14. Nxd5 Nxd5
15. Bxd5 cxd5 16. Qb3 b6 17. Bd2 Bf5 18. Rac1 Be4 19. Ne5 Rc8 20. f3 Bxe5 21.
dxe5 Bf5 22. Rxc8 Qxc8 23. Qa4 Qc5+ 24. Be3 Qe7 25. Qf4 Qd7 26. Rc1 Re8 27. Bd4
Rd8 28. Kh2 Rc8 29. Rxc8+ Qxc8 30. a3 Qc2 31. Qe3 Be6 32. Bc3 Kh7 1/2-1/2

[Event "17MCR_F"]
[Site "?"]
[Date "2005.??.??"]
[Round "?"]
[White "Hala, Martin"]
[Black "Priesol, Daniel"]
[Result "1/2-1/2"]
[WhiteElo "2381"]
[BlackElo "2318"]
[PlyCount "45"]
[EventDate "2005.??.??"]
[EventType "corr"]
[SourceDate "2005.03.19"]

1. e4 e5 2. Nf3 Nf6 3. Nxe5 d6 4. Nf3 Nxe4 5. d4 d5 6. Bd3 Bd6 7. O-O O-O 8. c4
c6 9. Qc2 Nf6 10. c5 Bc7 11. Nc3 h6 12. Re1 Re8 13. Rxe8+ Nxe8 14. Be3 Be6 15.
Ne5 Nd7 16. f4 Ndf6 17. Re1 Ng4 18. Bd2 Bxe5 19. fxe5 Qh4 20. h3 Nf2 21. Re3
Nxd3 22. Qxd3 Nc7 23. Rf3 1/2-1/2

[Event "17MCR_F"]
[Site "?"]
[Date "2005.??.??"]
[Round "?"]
[White "Sykora, Josef"]
[Black "Pravec, Ladislav"]
[Result "1/2-1/2"]
[WhiteElo "2394"]
[BlackElo "2381"]
[PlyCount "76"]
[EventDate "2005.??.??"]
[EventType "corr"]
[SourceDate "2005.03.19"]

1. d4 Nf6 2. c4 g6 3. Nf3 Bg7 4. g3 d5 5. Bg2 O-O 6. O-O dxc4 7. Na3 Nc6 8.
Nxc4 Be6 9. b3 a5 10. Bb2 Bd5 11. Rc1 Ra6 12. a3 e6 13. e3 Ne7 14. Qe2 Nc8 15.
a4 Nd6 16. Nfe5 Bxg2 17. Kxg2 Nd5 18. Ba3 Re8 19. Rfd1 f6 20. Nd3 f5 21. Nce5
Nf7 22. Nc5 Ra7 23. Ncd3 Ra6 24. Nxf7 Kxf7 25. Bc5 Kg8 26. Rc4 Ra8 27. Rdc1 Qd7
28. Qf3 Rad8 29. h3 b6 30. Ba3 e5 31. Nxe5 Bxe5 32. dxe5 Rxe5 33. Kg1 c5 34.
Rd1 Qf7 35. Rc2 Re7 36. Bb2 Red7 37. Rcd2 Qe6 38. Qe2 Kf7 1/2-1/2

[Event "17MCR_F"]
[Site "?"]
[Date "2005.??.??"]
[Round "?"]
[White "Sykora, Josef"]
[Black "Sochor, Frantisek"]
[Result "0-1"]
[WhiteElo "2394"]
[BlackElo "2308"]
[PlyCount "88"]
[EventDate "2005.??.??"]
[EventType "corr"]
[SourceDate "2005.03.19"]

1. c4 c6 2. e4 d5 3. exd5 cxd5 4. d4 Nf6 5. Nc3 e6 6. Nf3 Bb4 7. cxd5 Nxd5 8.
Bd2 Nc6 9. Bd3 O-O 10. O-O Be7 11. a3 Bf6 12. Qc2 h6 13. Be3 Nce7 14. Bh7+ Kh8
15. Be4 Bd7 16. Nxd5 exd5 17. Bd3 Qb6 18. b4 Rac8 19. Qb3 Bg4 20. Ne5 Bxe5 21.
dxe5 d4 22. Bd2 Be6 23. Qd1 Bc4 24. Bxc4 Rxc4 25. Qf3 Kg8 26. Rac1 Rfc8 27.
Rxc4 Rxc4 28. Qd3 Qe6 29. f4 b5 30. Re1 Nf5 31. Re2 h5 32. Re1 Qc8 33. a4 bxa4
34. Ra1 Nh4 35. g3 Qh3 36. Qf1 Qxf1+ 37. Kxf1 Nf3 38. Ke2 Nxd2 39. Kxd2 Rxb4
40. Kd3 a5 41. Ke4 Kf8 42. Ra3 Ke7 43. Kd5 g6 44. Ke4 Ke6 0-1

[Event "17MCR_F"]
[Site "?"]
[Date "2005.??.??"]
[Round "?"]
[White "Pravec, Ladislav"]
[Black "Svoboda, Frantisek"]
[Result "1/2-1/2"]
[WhiteElo "2381"]
[BlackElo "2391"]
[PlyCount "57"]
[EventDate "2005.??.??"]
[EventType "corr"]
[SourceDate "2005.03.19"]

1. d4 e6 2. c4 Nf6 3. Nf3 Bb4+ 4. Bd2 c5 5. Bxb4 cxb4 6. g3 O-O 7. Bg2 d6 8.
O-O Nc6 9. Nbd2 Re8 10. Qc2 a5 11. Rfd1 Bd7 12. Rac1 e5 13. dxe5 dxe5 14. Ne4
Nxe4 15. Qxe4 Qe7 16. c5 Rac8 17. a3 bxa3 18. bxa3 f5 19. Qe3 a4 20. Rd6 e4 21.
Qd2 Be6 22. Nd4 Nxd4 23. Qxd4 Bb3 24. f3 Red8 25. Rxd8+ Rxd8 26. Qe3 Re8 27.
fxe4 Bd5 28. Qd4 Bxe4 29. Bxe4 1/2-1/2

[Event "17MCR_F"]
[Site "?"]
[Date "2005.??.??"]
[Round "?"]
[White "Soudny, Jiri"]
[Black "Bucek, Jiri"]
[Result "1/2-1/2"]
[WhiteElo "2326"]
[BlackElo "2326"]
[PlyCount "76"]
[EventDate "2005.??.??"]
[EventType "corr"]
[SourceDate "2005.03.19"]

1. d4 Nf6 2. c4 g6 3. Nc3 Bg7 4. e4 d6 5. Nf3 O-O 6. Be2 e5 7. O-O Nc6 8. d5
Ne7 9. b4 a5 10. Ba3 axb4 11. Bxb4 b6 12. a4 Bd7 13. a5 bxa5 14. Bxa5 Ne8 15.
Qb3 Qb8 16. Qxb8 Rxb8 17. Rfb1 Ra8 18. Bb4 Rxa1 19. Rxa1 c5 20. dxc6 Nxc6 21.
Ba3 Nd4 22. Bd3 Nb3 23. Ra2 Be6 24. Ng5 Bd7 25. Nd5 Bh6 26. Nb6 Nf6 27. h4 Nc5
28. Bxc5 dxc5 29. Nd5 Nxd5 30. exd5 Rd8 31. Ra7 Bf8 32. g4 Be7 33. Nf3 Bd6 34.
g5 Kg7 35. Nd2 Bf5 36. Bxf5 gxf5 37. h5 e4 38. Nb3 Rb8 1/2-1/2

[Event "17MCR_F"]
[Site "?"]
[Date "2005.??.??"]
[Round "?"]
[White "Hybl, Vladislav"]
[Black "Pytlik, Lesek"]
[Result "1-0"]
[WhiteElo "2305"]
[BlackElo "2365"]
[PlyCount "71"]
[EventDate "2005.??.??"]
[EventType "corr"]
[SourceDate "2005.03.19"]

1. d4 d5 2. c4 c6 3. Nf3 Nf6 4. Nc3 e6 5. e3 Nbd7 6. Bd3 dxc4 7. Bxc4 b5 8. Bd3
Bb7 9. O-O a6 10. e4 c5 11. d5 Qc7 12. dxe6 fxe6 13. Bc2 c4 14. Nd4 Qb6 15. Be3
O-O-O 16. a4 b4 17. a5 Qd6 18. Na4 e5 19. Nf3 b3 20. Bb1 Qxd1 21. Rxd1 Bb4 22.
Ng5 Rhg8 23. Ne6 Rde8 24. Rc1 c3 25. Nxc3 Kb8 26. Nd5 Bxd5 27. exd5 Nxd5 28.
Bxh7 Rh8 29. Bf5 Nxe3 30. fxe3 Bd2 31. Rc6 Bxe3+ 32. Kf1 Nc5 33. Nxc5 Bxc5 34.
Rxc5 Rhf8 35. g4 g6 36. Ra3 1-0

[Event "17MCR_F"]
[Site "?"]
[Date "2005.??.??"]
[Round "?"]
[White "Hybl, Vladislav"]
[Black "Sykora, Josef"]
[Result "1-0"]
[WhiteElo "2305"]
[BlackElo "2390"]
[PlyCount "63"]
[EventDate "2005.??.??"]
[EventType "corr"]
[SourceDate "2005.03.19"]

1. e4 c6 2. d4 d5 3. e5 Bf5 4. Nf3 e6 5. Be2 c5 6. Be3 Nd7 7. O-O a6 8. c4 dxc4
9. Bxc4 Ne7 10. Nc3 b5 11. Bd3 c4 12. Bc2 Rc8 13. Rc1 b4 14. Na4 Bxc2 15. Qxc2
Nd5 16. Nd2 N7b6 17. Ne4 Be7 18. Nac5 O-O 19. Qe2 Qc7 20. Bg5 Bxc5 21. dxc5 Nd7
22. Rxc4 Qxe5 23. f4 Qb8 24. f5 Ne5 25. Rd4 Nd7 26. Bh4 h6 27. Bg3 Qa8 28. Rfd1
Nxc5 29. fxe6 Nxe4 30. Qxe4 Ne7 31. Qxa8 Rxa8 32. Rd7 1-0

[Event "17MCR_F"]
[Site "?"]
[Date "2005.??.??"]
[Round "?"]
[White "Sykora, Josef"]
[Black "Brousek, Jiri"]
[Result "1/2-1/2"]
[WhiteElo "2394"]
[BlackElo "2361"]
[PlyCount "87"]
[EventDate "2005.??.??"]
[EventType "corr"]
[SourceDate "2005.03.19"]

1. d4 e6 2. c4 f5 3. g3 Nf6 4. Bg2 c6 5. Nd2 d5 6. Qc2 Bd6 7. Nh3 O-O 8. Nf3
Ne4 9. O-O Nd7 10. Nf4 Qe7 11. Nd3 b6 12. Bf4 Bxf4 13. Nxf4 Bb7 14. cxd5 exd5
15. Rfd1 g5 16. Nd3 f4 17. b4 fxg3 18. hxg3 Qe6 19. Rf1 a5 20. a3 Qf5 21. Rac1
axb4 22. axb4 g4 23. Nfe5 Nxe5 24. Nxe5 Rf6 25. Qd3 Raf8 26. Qe3 Re8 27. f4 Nd6
28. Rfe1 Qh5 29. Qd3 Ree6 30. e3 Qe8 31. Rc2 Re7 32. e4 Kh8 33. Nxg4 dxe4 34.
Qe3 Rf8 35. Ne5 Rg7 36. g4 Qe6 37. g5 Nf5 38. Qc3 Nd6 39. Rf2 Qd5 40. Rc1 Nb5
41. Qe3 Qxd4 42. Qxe4 c5 43. Qxd4 Nxd4 44. Bxb7 1/2-1/2

[Event "17MCR_F"]
[Site "?"]
[Date "2005.??.??"]
[Round "?"]
[White "Boukal, Petr"]
[Black "Priesol, Daniel"]
[Result "1/2-1/2"]
[WhiteElo "2417"]
[BlackElo "2318"]
[PlyCount "48"]
[EventDate "2005.??.??"]
[EventType "corr"]
[SourceDate "2005.03.19"]

1. e4 e5 2. Nf3 Nf6 3. Nxe5 d6 4. Nf3 Nxe4 5. Nc3 Nxc3 6. dxc3 Be7 7. Be3 Nd7
8. Qd2 Ne5 9. O-O-O Nxf3 10. gxf3 Be6 11. Rg1 g6 12. f4 Qd7 13. Qd4 Rg8 14. Qb4
b6 15. Ba6 c6 16. c4 Rd8 17. Qc3 f6 18. c5 bxc5 19. Bxc5 Kf7 20. h4 Qc7 21. Ba3
Qb6 22. Be2 Bf8 23. Qf3 d5 24. Bxf8 Rdxf8 1/2-1/2

[Event "17MCR_F"]
[Site "?"]
[Date "2005.??.??"]
[Round "?"]
[White "Lounek, Jan"]
[Black "Priesol, Daniel"]
[Result "1/2-1/2"]
[WhiteElo "2380"]
[BlackElo "2318"]
[PlyCount "83"]
[EventDate "2005.??.??"]
[EventType "corr"]
[SourceDate "2005.03.19"]

1. e4 e5 2. Nf3 Nf6 3. Nxe5 d6 4. Nf3 Nxe4 5. d4 d5 6. Bd3 Bd6 7. O-O O-O 8. c4
c6 9. cxd5 cxd5 10. Nc3 Nxc3 11. bxc3 Nd7 12. Re1 Re8 13. Bg5 f6 14. Bd2 Rxe1+
15. Nxe1 Qe8 16. c4 dxc4 17. Bxc4+ Kh8 18. Qb3 Nb6 19. Bf7 Qa4 20. Qxa4 Nxa4
21. Rc1 Bd7 22. Nd3 Rc8 23. Rxc8+ Bxc8 24. f3 g5 25. Nf2 Kg7 26. Bb3 Bd7 27.
Ne4 Ba3 28. Kf2 h6 29. g4 b5 30. Ke3 Nb6 31. Nc5 Bc8 32. Ke4 Bxc5 33. dxc5 Bb7+
34. Kd4 Nc4 35. Bxc4 bxc4 36. Kxc4 Kf7 37. Kb5 Bxf3 38. Ka6 Ke6 39. Kxa7 Kd7
40. Kb6 Bxg4 41. c6+ Kc8 42. a4 1/2-1/2

[Event "17MCR_F"]
[Site "?"]
[Date "2005.??.??"]
[Round "?"]
[White "Kostal, Jindrich"]
[Black "Lounek, Jan"]
[Result "0-1"]
[WhiteElo "2405"]
[BlackElo "2380"]
[PlyCount "59"]
[EventDate "2005.??.??"]
[EventType "corr"]
[SourceDate "2005.03.19"]

1. e4 c5 2. Nf3 d6 3. d4 cxd4 4. Nxd4 Nf6 5. Nc3 a6 6. Be3 e6 7. Bd3 b5 8. a3
Bb7 9. O-O Nbd7 10. f4 Be7 11. Qf3 Rc8 12. Qg3 g6 13. Nde2 Nc5 14. Bd4 O-O 15.
e5 Nh5 16. Qf2 f6 17. exf6 Bxf6 18. Bxf6 Nxf6 19. b4 Ng4 20. Qg3 Nxd3 21. cxd3
Qb6+ 22. d4 Nh6 23. Rad1 Rc4 24. Qf2 Qc7 25. Rd3 Nf5 26. Rfd1 Qe7 27. g4 Nh4
28. g5 Nf5 29. Ng3 Qc7 30. Nge4 0-1

[Event "17MCR_F"]
[Site "?"]
[Date "2005.??.??"]
[Round "?"]
[White "Masek, Jan"]
[Black "Bucek, Jiri"]
[Result "1/2-1/2"]
[WhiteElo "2368"]
[BlackElo "2326"]
[PlyCount "62"]
[EventDate "2005.??.??"]
[EventType "corr"]
[SourceDate "2005.03.19"]

1. e4 e5 2. Nf3 Nf6 3. Nxe5 d6 4. Nf3 Nxe4 5. d3 Nf6 6. d4 Be7 7. Bd3 O-O 8. h3
Re8 9. O-O Nc6 10. c3 h6 11. Re1 d5 12. Bf4 Bd6 13. Ne5 Bxe5 14. dxe5 Nd7 15.
Qh5 Nc5 16. Bc2 d4 17. Na3 Ne6 18. Bg3 dxc3 19. bxc3 Qe7 20. Nc4 Qc5 21. Bb3 a5
22. a4 Ne7 23. Rac1 b5 24. Ne3 bxa4 25. Bxa4 Rd8 26. Bh4 Rb8 27. Ng4 Rb6 28.
Bf6 Rd2 29. Bc2 Kf8 30. Red1 Rxd1+ 31. Rxd1 Ng8 1/2-1/2

[Event "17MCR_F"]
[Site "?"]
[Date "2005.??.??"]
[Round "?"]
[White "Nejtek, Jiri"]
[Black "Vozda, Jindrich"]
[Result "0-1"]
[WhiteElo "2349"]
[BlackElo "2494"]
[PlyCount "82"]
[EventDate "2005.??.??"]
[EventType "corr"]
[SourceDate "2005.03.19"]

1. e4 c5 2. d4 cxd4 3. c3 dxc3 4. Nxc3 Nc6 5. Nf3 Nf6 6. Bc4 d6 7. e5 Ng4 8. e6
Bxe6 9. Bxe6 fxe6 10. Ng5 Nf6 11. Nxe6 Qd7 12. Qe2 Nd8 13. Nxd8 Rxd8 14. Be3 b6
15. Rd1 g6 16. O-O Bg7 17. Rfe1 O-O 18. Bf4 Rf7 19. f3 Nh5 20. Bg5 Bxc3 21.
bxc3 Ng7 22. Qc4 Rc8 23. Qb3 e6 24. c4 Nf5 25. Re4 Rc5 26. Be3 Nxe3 27. Qxe3 e5
28. Qd2 Rf6 29. Rh4 d5 30. cxd5 Rd6 31. Qe3 Rdxd5 32. Rxd5 Qxd5 33. a3 Rc2 34.
h3 Qc5 35. Re4 Rc3 36. Qxc5 Rxc5 37. f4 Kf7 38. fxe5 Ke6 39. Kf2 b5 40. Re3 a5
41. g4 b4 0-1

[Event "17MCR_F"]
[Site "?"]
[Date "2005.??.??"]
[Round "?"]
[White "Priesol, Daniel"]
[Black "Soudny, Jiri"]
[Result "0-1"]
[WhiteElo "2318"]
[BlackElo "2326"]
[PlyCount "56"]
[EventDate "2005.??.??"]
[EventType "corr"]
[SourceDate "2005.03.19"]

1. e4 e6 2. d4 d5 3. Nc3 Nf6 4. e5 Nfd7 5. f4 c5 6. Nf3 Nc6 7. Be3 cxd4 8. Nxd4
Bc5 9. Qd2 O-O 10. O-O-O a6 11. h4 Nxd4 12. Bxd4 b5 13. Ne2 a5 14. h5 b4 15.
Bxc5 Nxc5 16. Qe3 Qc7 17. Nd4 Ba6 18. Bxa6 Rxa6 19. Kb1 Ne4 20. Ka1 a4 21. Rc1
h6 22. g3 Rc8 23. g4 Ra5 24. Rh2 Rc5 25. Rd1 a3 26. b3 Rc3 27. Qe1 Rg3 28. Qxb4
Rxg4 0-1

[Event "17MCR_F"]
[Site "?"]
[Date "2005.??.??"]
[Round "?"]
[White "Vozda, Jindrich"]
[Black "Laurenc, Petr"]
[Result "1/2-1/2"]
[WhiteElo "2494"]
[BlackElo "2484"]
[PlyCount "79"]
[EventDate "2005.??.??"]
[EventType "corr"]
[SourceDate "2005.03.19"]

1. e4 e5 2. Nf3 Nc6 3. Bb5 a6 4. Ba4 Nf6 5. O-O Be7 6. Re1 b5 7. Bb3 d6 8. c3
O-O 9. d4 Bg4 10. d5 Na5 11. Bc2 Qc8 12. Nbd2 c6 13. h3 Bd7 14. dxc6 Qxc6 15.
Nf1 Nc4 16. Ng3 Rfe8 17. Qe2 Rac8 18. a4 Qc7 19. axb5 axb5 20. b3 Nb6 21. Bd2
d5 22. exd5 Nbxd5 23. Qxe5 Bd6 24. Qd4 Rxe1+ 25. Rxe1 Bxg3 26. fxg3 Bxh3 27.
Ng5 Be6 28. Nxe6 fxe6 29. Rxe6 Nxc3 30. Bf5 Qc5 31. Qxc5 Rxc5 32. g4 Kf7 33. b4
Rc7 34. Bxc3 Rxc3 35. Rb6 Ne8 36. Rxb5 Nd6 37. Rd5 Nxf5 38. Rxf5+ Ke6 39. Rf3
Rc4 40. Rb3 1/2-1/2

[Event "17MCR_F"]
[Site "?"]
[Date "2005.??.??"]
[Round "?"]
[White "Nejtek, Jiri"]
[Black "Pytlik, Lesek"]
[Result "1/2-1/2"]
[WhiteElo "2349"]
[BlackElo "2365"]
[PlyCount "79"]
[EventDate "2005.??.??"]
[EventType "corr"]
[SourceDate "2005.03.19"]

1. e4 e6 2. d4 d5 3. e5 c5 4. Nc3 Nc6 5. Nf3 cxd4 6. Nb5 Bc5 7. a3 a6 8. b4
axb5 9. bxc5 Nge7 10. Rb1 Qa5+ 11. Bd2 Qc7 12. Bb4 O-O 13. Bxb5 Nxe5 14. Nxd4
N5g6 15. Bd3 Bd7 16. O-O e5 17. Bxg6 hxg6 18. Qe2 Rfe8 19. Nb5 Bxb5 20. Qxb5
Nc6 21. Rbd1 Red8 22. Qe2 Nd4 23. Qd3 Ne6 24. Rfe1 Nf4 25. Qe3 f6 26. g3 Nh3+
27. Kg2 Ng5 28. f4 Nf7 29. Qf3 g5 30. Rxd5 gxf4 31. Rxd8+ Rxd8 32. gxf4 exf4
33. h4 b6 34. cxb6 Qxc2+ 35. Re2 Qg6+ 36. Kf1 Qf5 37. b7 Qb5 38. Bc3 Nd6 39. a4
Qxb7 40. Qxb7 1/2-1/2

[Event "17MCR_F"]
[Site "?"]
[Date "2005.??.??"]
[Round "?"]
[White "Vozda, Jindrich"]
[Black "Soudny, Jiri"]
[Result "1/2-1/2"]
[WhiteElo "2494"]
[BlackElo "2326"]
[PlyCount "78"]
[EventDate "2005.??.??"]
[EventType "corr"]
[SourceDate "2005.03.19"]

1. e4 e6 2. d4 d5 3. Nc3 Nf6 4. e5 Nfd7 5. f4 c5 6. Nf3 Nc6 7. Be3 cxd4 8. Nxd4
Bc5 9. Qd2 O-O 10. O-O-O a6 11. h4 Nxd4 12. Bxd4 b5 13. h5 b4 14. Ne2 a5 15.
Bxc5 Nxc5 16. Qe3 Qc7 17. Nd4 Ba6 18. f5 Bxf1 19. Rdxf1 exf5 20. Rxf5 a4 21. e6
b3 22. a3 Nxe6 23. c3 Qc5 24. h6 Nxd4 25. hxg7 Rfe8 26. Qh3 Re1+ 27. Rxe1 Nxf5
28. Qxf5 Qc6 29. Rh1 h6 30. Rf1 Ra7 31. Rd1 Rd7 32. Rd4 Rd6 33. Kd1 Rg6 34. Rf4
Rxg7 35. g4 Qe8 36. Qxd5 Rg5 37. Qd3 Re5 38. Kd2 Qc6 39. c4 Qa8 1/2-1/2

[Event "17MCR_F"]
[Site "?"]
[Date "2005.??.??"]
[Round "?"]
[White "Soudny, Jiri"]
[Black "Brousek, Jiri"]
[Result "1-0"]
[WhiteElo "2326"]
[BlackElo "2361"]
[PlyCount "83"]
[EventDate "2005.??.??"]
[EventType "corr"]
[SourceDate "2005.03.19"]

1. d4 e6 2. c4 f5 3. g3 Nf6 4. Bg2 c6 5. Nf3 d5 6. O-O Bd6 7. b3 Qe7 8. Bb2 O-O
9. Ne5 b6 10. Nd2 Bb7 11. Rc1 a5 12. e3 Ne4 13. Nxe4 fxe4 14. f3 Bxe5 15. dxe5
exf3 16. Rxf3 Rxf3 17. Qxf3 Na6 18. cxd5 cxd5 19. Bd4 Nc5 20. Qg4 Rc8 21. h4
Rf8 22. Bh3 Bc8 23. e4 Qb7 24. h5 Nxe4 25. h6 Rf7 26. Qh4 g5 27. Qg4 Rf5 28.
Bg2 Qd7 29. Bxb6 Ba6 30. Kh2 Qf7 31. Rc6 Qg6 32. Bd4 Bb5 33. Rb6 Bd7 34. Bh3
Qe8 35. Rb7 Qc8 36. Ra7 Qc2+ 37. Bg2 Bb5 38. Ra8+ Kf7 39. Qh5+ Ke7 40. Rh8 Rf7
41. Be3 Be8 42. Qg4 1-0

[Event "17MCR_F"]
[Site "?"]
[Date "2005.??.??"]
[Round "?"]
[White "Lounek, Jan"]
[Black "Vozda, Jindrich"]
[Result "1/2-1/2"]
[WhiteElo "2380"]
[BlackElo "2494"]
[PlyCount "91"]
[EventDate "2005.??.??"]
[EventType "corr"]
[SourceDate "2005.03.19"]

1. e4 c5 2. Nf3 Nc6 3. Bb5 e6 4. O-O Nge7 5. c3 a6 6. Ba4 b5 7. Bc2 Bb7 8. Re1
d5 9. a4 b4 10. d4 cxd4 11. cxd4 Rc8 12. Nbd2 Na5 13. e5 Ng6 14. Bd3 Be7 15.
Nf1 O-O 16. Ng3 Rc6 17. b3 Qb6 18. Bd2 Rfc8 19. Rb1 R6c7 20. Be3 Nc6 21. Rc1 a5
22. Qe2 Nb8 23. Rxc7 Rxc7 24. Qd2 Ba6 25. Bc2 Rc6 26. Rc1 Nd7 27. Nh5 Qc7 28.
Qd1 Ndf8 29. g3 Bd8 30. Ne1 Nd7 31. Kg2 Qc8 32. Nf3 Bb6 33. g4 Bb7 34. Ng3 Qd8
35. g5 Ndxe5 36. dxe5 Rxc2 37. Rxc2 d4 38. Kh3 Qa8 39. Nh4 dxe3 40. Nxg6 hxg6
41. fxe3 Bxe3 42. Qd7 Bf4 43. Rf2 Bc6 44. Qe7 Bf3 45. Qc5 Bxg5 46. Rxf3 1/2-1/2

[Event "17MCR_F"]
[Site "?"]
[Date "2005.??.??"]
[Round "?"]
[White "Nejtek, Jiri"]
[Black "Lounek, Jan"]
[Result "1/2-1/2"]
[WhiteElo "2349"]
[BlackElo "2380"]
[PlyCount "118"]
[EventDate "2005.??.??"]
[EventType "corr"]
[SourceDate "2005.03.19"]

1. e4 e6 2. d4 d5 3. e5 c5 4. Nc3 cxd4 5. Nb5 Nc6 6. Nf3 Bc5 7. a3 a6 8. b4
axb5 9. bxc5 Nge7 10. Rb1 Qa5+ 11. Bd2 Qc7 12. Bb4 Bd7 13. Bxb5 Nxe5 14. Nxd4
O-O 15. f4 N5c6 16. Bxc6 bxc6 17. O-O Ng6 18. Qd2 f6 19. c4 dxc4 20. Ne2 Ne7
21. Nc3 Nd5 22. Rbe1 Bc8 23. Rf3 Qb8 24. Ne4 c3 25. Qc1 Nxb4 26. axb4 Qxb4 27.
Qxc3 Qxc3 28. Rxc3 Ra4 29. g3 e5 30. Nd6 exf4 31. Rb3 fxg3 32. Rb8 gxh2+ 33.
Kxh2 Rh4+ 34. Kg3 Rh3+ 35. Kg2 Bd7 36. Rb7 Bg4 37. Ree7 g6 38. Rg7+ Kh8 39.
Rge7 Ra8 40. Ne4 Bf5 41. Nxf6 g5 42. Re5 Ra2+ 43. Kg1 Bg6 44. Ree7 Ra8 45. Rbc7
Rh4 46. Kg2 Rf8 47. Kg3 Bf5 48. Re5 Rh3+ 49. Kg2 Rh6 50. Rxf5 Rhxf6 51. Rxg5 h6
52. Rgg7 Rg8 53. Rxg8+ Kxg8 54. Kg3 Kf8 55. Kg4 Ke8 56. Rg7 Kd8 57. Rh7 Kc8 58.
Re7 Rg6+ 59. Kf4 Rg5 1/2-1/2

[Event "17MCR_F"]
[Site "?"]
[Date "2005.??.??"]
[Round "?"]
[White "Brousek, Jiri"]
[Black "Pravec, Ladislav"]
[Result "1/2-1/2"]
[WhiteElo "2368"]
[BlackElo "2381"]
[PlyCount "101"]
[EventDate "2005.??.??"]
[EventType "corr"]
[SourceDate "2005.03.19"]

1. d4 Nf6 2. Nf3 g6 3. Nc3 d5 4. Bf4 Bg7 5. e3 O-O 6. Be2 c6 7. h4 h5 8. Qd2
Bg4 9. Ne5 Bxe2 10. Qxe2 Nbd7 11. O-O-O Nxe5 12. Bxe5 Nd7 13. Bxg7 Kxg7 14. g4
Rh8 15. Rdg1 Nf6 16. f3 Qd6 17. Kb1 a5 18. Qd2 hxg4 19. fxg4 b5 20. h5 b4 21.
Nd1 Ne4 22. Qe1 Qf6 23. Rf1 Qd6 24. Rfg1 Qf6 25. Rf1 Qd6 26. Rf4 Ng5 27. Rhf1
a4 28. Nf2 b3 29. Nd3 f6 30. Nc5 bxa2+ 31. Kxa2 Nh3 32. R4f3 Ng5 33. R3f2 gxh5
34. gxh5 Rxh5 35. Qe2 Rh6 36. Rg2 Kh8 37. Qd1 Rg8 38. Rfg1 Rh7 39. Qd3 Rh3 40.
Qf5 Rh5 41. Rg3 Rg7 42. Qc8+ Kh7 43. Kb1 Rh6 44. Nxa4 Rg8 45. Qa6 Kg7 46. Nc5
Kf7 47. Rg4 Rgh8 48. Nd3 Rh5 49. R4g2 Rb8 50. Nc5 Rh2 51. Rg3 1/2-1/2

[Event "17MCR_F"]
[Site "?"]
[Date "2005.??.??"]
[Round "?"]
[White "Vozda, Jindrich"]
[Black "Svoboda, Frantisek"]
[Result "1-0"]
[WhiteElo "2494"]
[BlackElo "2459"]
[PlyCount "67"]
[EventDate "2005.??.??"]
[EventType "corr"]
[SourceDate "2005.03.19"]

1. e4 e6 2. d4 d5 3. Nc3 Nf6 4. e5 Nfd7 5. f4 c5 6. Nf3 Nc6 7. Be3 a6 8. a3
cxd4 9. Nxd4 Bc5 10. Qd2 Nxd4 11. Bxd4 b6 12. Be2 Qh4+ 13. g3 Qh6 14. h4 Qg6
15. O-O-O h5 16. Rhg1 Bb7 17. g4 hxg4 18. Rxg4 Qh7 19. Na4 Rc8 20. Nxc5 Nxc5
21. Bxc5 bxc5 22. Rg5 Qxh4 23. Rxg7 d4 24. Kb1 Qh2 25. Re1 Bf3 26. f5 Bd5 27.
Qa5 Kf8 28. Rgg1 Qxe5 29. fxe6 Bxe6 30. Bxa6 Qc7 31. Qd2 Qh2 32. Qg5 Qh6 33.
Rxe6 Qxg5 34. Rxg5 1-0

[Event "17MCR_F"]
[Site "?"]
[Date "2005.??.??"]
[Round "?"]
[White "Lounek, Jan"]
[Black "Masek, Jan"]
[Result "1-0"]
[WhiteElo "2380"]
[BlackElo "2368"]
[PlyCount "83"]
[EventDate "2005.??.??"]
[EventType "corr"]
[SourceDate "2005.03.19"]

1. e4 e5 2. Nf3 Nc6 3. Bb5 a6 4. Ba4 Nf6 5. O-O Be7 6. Re1 b5 7. Bb3 O-O 8. a4
b4 9. d3 a5 10. Bd5 Bc5 11. Bg5 h6 12. Bh4 g5 13. Bg3 Nxd5 14. exd5 Ne7 15.
Nxe5 d6 16. d4 Bb6 17. Nc6 Nxc6 18. dxc6 f5 19. f4 Qf6 20. c3 Be6 21. fxg5 hxg5
22. Bf2 Bd5 23. Qd3 Qf7 24. Nd2 Bxc6 25. Nf3 Be4 26. Qe3 g4 27. Ng5 Qf6 28.
Nxe4 fxe4 29. Qg3 Qg6 30. Be3 bxc3 31. bxc3 Rf7 32. Rab1 d5 33. Rb5 Rd8 34. Rf1
Rxf1+ 35. Kxf1 Rd7 36. Kg1 Qg7 37. h4 Rd8 38. Bg5 Rd6 39. Qxg4 Qf7 40. Qg3 Rd7
41. Be3+ Kh7 42. Qg5 1-0

[Event "17MCR_F"]
[Site "?"]
[Date "2005.??.??"]
[Round "?"]
[White "Svoboda, Frantisek"]
[Black "Laurenc, Petr"]
[Result "1/2-1/2"]
[WhiteElo "2391"]
[BlackElo "2484"]
[PlyCount "79"]
[EventDate "2005.??.??"]
[EventType "corr"]
[SourceDate "2005.03.19"]

1. c4 Nf6 2. Nc3 e5 3. Nf3 Nc6 4. g3 Bb4 5. Nd5 e4 6. Nh4 O-O 7. Bg2 Re8 8. O-O
Bc5 9. d3 exd3 10. Qxd3 Ne5 11. Qc2 c6 12. Be3 cxd5 13. Bxc5 d6 14. Bd4 dxc4
15. Rfd1 Qe7 16. Rd2 Be6 17. Rad1 Rad8 18. Qc3 Bd7 19. Qb4 Bc6 20. Nf5 Qc7 21.
Bxc6 Qxc6 22. Bxe5 Rxe5 23. Nxd6 Nd5 24. Qxb7 Qxd6 25. e4 Rb8 26. Rxd5 Rxb7 27.
Rxd6 h5 28. R1d4 Rxb2 29. Rxc4 Rxa2 30. Rd8+ Kh7 31. Rd7 f5 32. Rcc7 fxe4 33.
Rxg7+ Kh6 34. Rxa7 Rxa7 35. Rxa7 e3 36. Ra6+ Kg7 37. fxe3 Rxe3 38. Kg2 Re2+ 39.
Kh3 Rd2 40. Re6 1/2-1/2

[Event "17MCR_F"]
[Site "?"]
[Date "2005.??.??"]
[Round "?"]
[White "Brousek, Jiri"]
[Black "Laurenc, Petr"]
[Result "1-0"]
[WhiteElo "2368"]
[BlackElo "2484"]
[PlyCount "107"]
[EventDate "2005.??.??"]
[EventType "corr"]
[SourceDate "2005.03.19"]

1. d4 d5 2. Nf3 Nf6 3. e3 e6 4. Bd3 c5 5. b3 Nc6 6. O-O Bd6 7. dxc5 Bxc5 8. Bb2
Qe7 9. Nbd2 e5 10. c4 dxc4 11. Bxc4 Bg4 12. Qc2 O-O 13. a3 Rac8 14. h3 Bh5 15.
Nh4 Rfd8 16. Ndf3 Bd6 17. Nf5 Qe8 18. g4 Bg6 19. Rad1 Bf8 20. Rxd8 Rxd8 21. b4
Rc8 22. Rc1 a6 23. Bb3 Nd7 24. N3h4 Bxf5 25. Qxf5 g6 26. Qe4 Qe7 27. Nf3 Bg7
28. g5 Rd8 29. Bd5 Ndb8 30. h4 Qd7 31. Bb3 Qf5 32. Qxf5 gxf5 33. h5 e4 34. Bxg7
Kxg7 35. Nh4 Ne7 36. b5 axb5 37. Rc5 h6 38. Nxf5+ Nxf5 39. Rxf5 Rd7 40. gxh6+
Kxh6 41. Rxf7 Rxf7 42. Bxf7 Nd7 43. Bg6 Ne5 44. Bxe4 Nc4 45. Bxb7 Kxh5 46. Bd5
Nxa3 47. Kf1 Nb1 48. Bf3+ Kg5 49. Ke2 Nc3+ 50. Kd3 Na2 51. Be4 Kf6 52. Kd4 b4
53. Bc2 Nc1 54. Kc4 1-0